| 000 | 00674nam a2200193Ia 4500 | ||
|---|---|---|---|
| 003 | GCL | ||
| 005 | 20240530102411.0 | ||
| 008 | 140319s9999 xx 000 0 ara d | ||
| 040 |
_aGCL / _cGCL |
||
| 082 | 0 | 4 |
_a252/ _bص ن |
| 100 | 1 | _aالصفورى، عبدالرحمن بن عبدالسلام الشافعى | |
| 245 | 1 | 0 |
_aنزهة المجالس ومنتخب النفائس / _cتاليف عبدالرحمن بن عبدالسلام الصفورى الشافعى |
| 260 |
_a[S.N] : _bدار الجيل ، _c1988 |
||
| 300 | _a639 ص | ||
| 650 | 0 | 4 | _aالاسلام |
| 650 | 0 | 4 | _aالفقه الاسلامى |
| 650 | 0 | 4 | _aاركان الاسلام |
| 942 |
_2ddc _cBK |
||
| 999 |
_c31981 _d31981 |
||